Fenomén primátor : osobnosti v čele měst v 19. a 20. století : stati a rozšířené příspěvky ze 41. mezinárodní vědecké konference Archivu hlavního města Prahy, uspořádané ve spolupráci s Historickým ústavem Akademie věd ČR, v.v.i, Fakultou humanitních studií Univerzity Karlovy v Praze, Filozofickou fakultou Univerzity Jana Evangelisty Purkyně v Ústí nad Labem a Instytutem Historii i Archiwistyki Uniwersytetu Pedagogicznego w Krakowie ve dnech 4. a 5. října 2022 v Rezidenci primátora hlavního města Prahy = The City mayor phenomenon : leading urban political heads in the 19th and 20th centuries : articles and longer works from the 41th international research conference of the Prague City Archives held in cooperation with the Institute of History of the Czech Academy of Sciences, the Faculty of Humanities of Charles University in Prague, the Faculty of Arts of Jan Evangelista Purkyně University in Ústí nad Labem and the Institute of History and Archival Studies of the Pedagogical University in Krakow on 4 and 5 October 2022 at the Residence of the Prague City mayor /

Korporativní autor: Archiv hlavního města Prahy
Další autoři: Fenomén primátor (konference), Fejtová, Olga, 1962-, Maříková, Martina, 1977-, Pešek, Jiří, 1954-, Historický ústav (Akademie věd ČR), Univerzita Karlova. Fakulta humanitních studií, Univerzita J.E. Purkyně v Ústí nad Labem. Filozofická fakulta, Uniwersytet Pedagogiczny im. Komisji Edukacji Narodowej w Krakowie. Instytut Historii i Archiwistyki
Jazyk: Němčina
Čeština
Angličtina
Vydáno: Praha : Archiv hlavního města Prahy, 2024
Vydání: Vydání první
Témata:
Fyzický popis: 741 stran : ilustrace (některé barevné), portréty, faksimile ; 21 cm
Language note: Částečně anglický a německý text, anglická a německá resumé
Knihy
Uloženo v:
LEADER 04486nam a2200757 i 4500
001 nkc20253686335
003 CZ PrNK
005 20260106065614.0
007 ta
008 250523s2025 xr ach f 100 0dcze
015 |a cnb003686335 
020 |a 978-80-88629-06-1  |q (Archiv hlavního města Prahy ;  |q brožováno) 
035 |a (OCoLC)1568017353 
040 |a OLA001  |b cze  |e rda 
041 0 |a cze  |a eng  |a ger  |b eng  |b ger 
043 |a e-xr---  |a e------ 
045 |a v-x- 
072 7 |a 352/354  |x Stupně místní, oblastní a ústřední správy  |2 Konspekt  |9 15 
080 |a 352.075.51  |2 MRF 
080 |a 352  |2 MRF 
080 |a 929  |2 MRF 
080 |a (437.3)  |2 MRF 
080 |a (4)  |2 MRF 
080 |a (048.8:082)  |2 MRF 
111 2 |a Fenomén primátor (konference)  |d (2022 :  |c Praha, Česko)  |7 xx0336640  |4 aut 
245 1 0 |a Fenomén primátor :  |b osobnosti v čele měst v 19. a 20. století : stati a rozšířené příspěvky ze 41. mezinárodní vědecké konference Archivu hlavního města Prahy, uspořádané ve spolupráci s Historickým ústavem Akademie věd ČR, v.v.i, Fakultou humanitních studií Univerzity Karlovy v Praze, Filozofickou fakultou Univerzity Jana Evangelisty Purkyně v Ústí nad Labem a Instytutem Historii i Archiwistyki Uniwersytetu Pedagogicznego w Krakowie ve dnech 4. a 5. října 2022 v Rezidenci primátora hlavního města Prahy = The City mayor phenomenon : leading urban political heads in the 19th and 20th centuries : articles and longer works from the 41th international research conference of the Prague City Archives held in cooperation with the Institute of History of the Czech Academy of Sciences, the Faculty of Humanities of Charles University in Prague, the Faculty of Arts of Jan Evangelista Purkyně University in Ústí nad Labem and the Institute of History and Archival Studies of the Pedagogical University in Krakow on 4 and 5 October 2022 at the Residence of the Prague City mayor /  |c editoři: Olga Fejtová, Martina Maříková a Jiří Pešek 
246 3 0 |a Osobnosti v čele měst v 19. a 20. století 
246 3 0 |a Leading urban political heads in the 19th and 20th centuries 
246 3 1 |a City mayor phenomenon 
246 1 8 |a Documenta Pragensia XLIII 
250 |a Vydání první 
264 1 |a Praha :  |b Archiv hlavního města Prahy,  |c 2024 
300 |a 741 stran :  |b ilustrace (některé barevné), portréty, faksimile ;  |c 21 cm 
336 |a text  |b txt  |2 rdacontent 
337 |a bez média  |b n  |2 rdamedia 
338 |a svazek  |b nc  |2 rdacarrier 
500 |a Pro Archiv hlavního města Prahy vydalo nakladatelství Pavel Mervart v roce 2025 
500 |a 400 výtisků 
504 |a Obsahuje bibliografické odkazy 
546 |a Částečně anglický a německý text, anglická a německá resumé 
648 7 |a 18.-20. století  |7 ch757019  |2 czenas 
650 0 7 |a primátoři  |7 ph206870  |z Česko  |y 18.-20. století  |2 czenas 
650 0 7 |a městská správa  |7 ph123100  |z Česko  |y 18.-20. století  |2 czenas 
650 0 7 |a primátoři  |7 ph206870  |z Evropa  |y 18.-20. století  |2 czenas 
650 0 7 |a městská správa  |7 ph123100  |z Evropa  |y 18.-20. století  |2 czenas 
650 0 9 |a mayors  |z Czechia  |y 18th-20th centuries  |2 eczenas 
650 0 9 |a municipal government  |z Czechia  |y 18th-20th centuries  |2 eczenas 
650 0 9 |a mayors  |z Europe  |y 18th-20th centuries  |2 eczenas 
650 0 9 |a municipal government  |z Europe  |y 18th-20th centuries  |2 eczenas 
655 7 |a kolektivní monografie  |7 fd501537  |2 czenas 
655 9 |a collective monographs  |2 eczenas 
700 1 |a Fejtová, Olga,  |d 1962-  |7 ola2004212142  |4 edt 
700 1 |a Maříková, Martina,  |d 1977-  |7 jo2012693932  |4 edt 
700 1 |a Pešek, Jiří,  |d 1954-  |7 jn19990209647  |4 edt 
787 0 8 |i Monografické číslo seriálu:  |t Documenta Pragensia  |x 0231-7443  |g 43 (2024) 
710 2 |a Archiv hlavního města Prahy  |7 ko2002102006  |4 orm  |4 isb 
710 2 |a Historický ústav (Akademie věd ČR)  |7 kn20010711013  |4 orm 
710 2 |a Univerzita Karlova.  |b Fakulta humanitních studií  |7 xx0045131  |4 orm 
710 2 |a Univerzita J.E. Purkyně v Ústí nad Labem.  |b Filozofická fakulta  |7 ko2007147994  |4 orm 
710 2 |a Uniwersytet Pedagogiczny im. Komisji Edukacji Narodowej w Krakowie.  |b Instytut Historii i Archiwistyki  |7 pna20221166134  |4 orm 
910 2 |a BOA001  |b 2-1549.746 
928 9 |a Pavel Mervart 
990 |a BK 
995 |a 01 
991 |b 202510  |c NOV 
996 6 |b 2611014600  |c 2-1549.746  |l MZK  |r Sklad / do 1 hodiny  |n 0  |p p.v.  |w 002020245  |u 000010  |a 1  |e BOA001  |j MZK50  |s P